000 00804nam a22002657a 4500
008 130514b xxu||||| |||| 00| 0 eng d
020 _a81-7187-002-8
024 _cAvailable
037 _cAvailable
040 _aMBSTU LIBRARY
_dMBSTU LIBRARY
082 _222
_a425 MUC
100 _aMurthy, Jayanthi Dakshina
110 _aIndu Mala Ghosh and Manaj M Sharma
245 _aContamporary english grammar
260 _aDelhi
_bBook Palace
_c2003
300 _a24 cm.
_b562 page
_f20
_g24 cm.
600 _aGrammar of standard english.
650 _2Grammar of standard english.
700 _aMurthy, Jayanthi Dakshina
710 _aIndu Mala Ghosh and Manaj M Sharma
270 _aDelhi
_bDelhi
_dIndia
365 _b204.00
_d204.00
942 _2ddc
_cBK
999 _c397
_d397